Biblioteca Chilena de Traductores (1820-1924): ordenada por José Toribio Medina.
Guardat en:
| Altres autors: | , |
|---|---|
| Format: | Llibre |
| Idioma: | espanyol |
| Publicat: |
Santiago, Chile:
Ediciones de la Dirección de Bibliotecas, Archivos y Museos (DIBAM); Centro de Investigaciones Diego Barros Arana,
2007.
|
| Edició: | Segunda edición. |
| Matèries: | |
| Etiquetes: |
Afegir etiqueta
Sense etiquetes, Sigues el primer a etiquetar aquest registre!
|
MARC
| LEADER | 00000nam a2200000 a 4500 | ||
|---|---|---|---|
| 001 | UCH2378 | ||
| 003 | CL-VaPUC | ||
| 005 | 20230327155655.0 | ||
| 008 | 090611e20070000CL |||||||||||||||||spa|d | ||
| 999 | |c 334120 |d 334118 | ||
| 020 | |a 978-956-244-189-6 | ||
| 040 | |c Pontificia Universidad Católica de Valparaíso | ||
| 082 | 0 | 4 | |a 016 MED 2007 |2 21 |
| 245 | 1 | 0 | |a Biblioteca Chilena de Traductores (1820-1924): |b ordenada por José Toribio Medina. |
| 250 | |a Segunda edición. | ||
| 260 | |a Santiago, Chile: |b Ediciones de la Dirección de Bibliotecas, Archivos y Museos (DIBAM); |b Centro de Investigaciones Diego Barros Arana, |c 2007. | ||
| 300 | |a 447 páginas. | ||
| 500 | |a c.2 Donación Familia Prof. Alejandro Guzmán Brito. | ||
| 583 | |a last modification |c 20090611 00:00:00 |k Rodrigo Vera | ||
| 650 | 0 | |a Traducciones |2 CL-VaPUC |9 453516 |x Bibliografías |z Chile | |
| 700 | |a Payàs Puigarnau, Gertrudis |e edición aumentada y corregida |e con estudio preliminar |9 600595 | ||
| 700 | |a Tirado Román, Claudia Andrea |9 797643 |e colaboración | ||
| 942 | |c BK |2 ddc |n 0 | ||
| 945 | |d 20090611 00:00:00 |a rbrito | ||
| 952 | |0 0 |1 0 |4 0 |6 016_000000000000000_MED_2007 |7 0 |8 X |9 422942 |a FDOBUD |b FDOBUD |d 2019-11-22 |i 4557328 |o 016 MED 2007 |p 4557328 |r 2019-11-22 |w 2019-11-22 |y BK_X |k BUD | ||
| 952 | |0 0 |1 0 |2 ddc |4 0 |6 016_000000000000000_MED_2007 |7 1 |8 C_AGB |9 580866 |a BIBDER |b BIBDER |d 2022-01-26 |e Donación |i 5642108 |o 016 MED 2007 |p 5642108 |r 2023-01-25 |t 2 |w 2022-01-26 |y BK_US |k AGB | ||